Fundamentals of plastics /

Guardado en:
Detalles Bibliográficos
Autor principal: Richardson, Henry M. (autor)
Otros autores: Wilson, J. Watson
Formato: Libro
Idioma:Inglés
Publicado: Nueva York, EUA : McGraw-Hill, 1946, c1946
Temas:
Etiquetas: Agrega una etiqueta
Sin etiquetas, Sé el primero en etiquetar este registro!

MARC

LEADER 00000nam^a2200000^a^4500
001 000064212
005 20250521000000.0
009 20260310091055.065
037 |a Acervo ITESO - Biblioteca 
041 |a ING 
082 |a 668. 4  |b RIC 
100 |a Richardson, Henry M.  |e (autor) 
245 1 0 |a Fundamentals of plastics /  |c H.M. Richardson, J.W. Wilson. 
264 4 |a Nueva York, EUA :  |b McGraw-Hill,  |c 1946, c1946 
300 |a 483 p. 
336 |a texto  |b txt  |2 rdacontenido 
337 |a sin mediación  |b n  |2 rdamedio 
338 |a volumen  |b nc  |2 rdasoporte 
649 |a XX 
650 |a Plásticos 
650 |a Ingeniería Química 
650 |a Industria del Plástico 
700 |a Wilson, J. Watson 
910 |a Fondo General 
920 |a Impresos - Libros 
930 |a Colección General 
905 |a 101 
901 |a 0500017480  |b IT1  |c ACC  |u 20250521 
902 |a https://opac.biblio.iteso.mx/vufind/Record/000064212